牛实体解剖学图谱 (Бичлэгийн дугаар. 1155166)

MARC дэлгэрэнгүй
000 -Удирдлага
Ном зүйн бүртгэл тоо буюу кодлох утгыг агуулсан 01281nam a22002897a 4500
003 - ХЯНАЛТЫН ТОО ТОДОРХОЙЛОГЧ
Код MN-UlNLM
005 - ХАМГИЙН СҮҮЛИЙН ҮЕИЙН ХЭЛЦЛИЙН ОГНОО БА ЦАГ
Тухайн бичилтийг бичсэн засварласан сүүлийн огноо. 20250121163620.0
008 - ЕРӨНХИЙ МЭДЭЭЛЭЛ-ЭЛЕМЕНТҮҮДИЙН ӨГӨГДЛИЙН УРТ
fixed length control field 250121s2022 cc ||||| |||| 00| 0 chi d
020 ## - ОЛОН УЛСЫН СТАНДАРТ НОМЫН ДУГААР-ISBN
Олон Улсын Стандарт Номын Дугаар 9787109300682
040 ## - ЭХ СУРВАЛЖИЙГ ТОДОРХОЙЛОН БИЧИХ
Анхны каталогийн байгууллага UB01000001
Каталогийн хэл Монгол
Бичлэг хийж нэвтрүүлэх байгууллага MN-UlNLM
Өөрчлүүлэх байгууллага MN-UlNLM
Бичиглэлийн тодорхойлолт RDA
041 0# - ХЭЛНИЙ КОД
Текстийн хэлний код/фонограм буюу салангид гарчиг Хятад
-- Монгол бичиг
043 ## - GEOGRAPHIC AREA CODE
Geographic area code a-cc---
084 ## - БУСАД АНГИЛЛЫН ДУГААР
Ангиллын нэр Номын сан номзүйн ангилал
100 1# - ЗОХИОГЧИЙН ХЭСЭГ
Зохиогчийн нэр 熊本海 恩和 苏日娜等 著
Хүүрнэгчийн нөхцөлүүд зохиогч
245 1# - ҮНДСЭН ГАРЧИГ
Гарчиг 牛实体解剖学图谱
246 ## - ЗЭРЭГЦЭЭ ГАРЧИГ
Зэрэгцээ гарчиг ᠦᢈᠡᠷ ᠦ᠋ᠨ ᠠᠨᠠᠲ᠋ᠤᠮᠢ ᠶ᠋ᠢᠨ ᠪᠣᠳᠠᠲᠤ ᠵᠢᠷᠤᠭ
Display text хавтас дээр монгол бичгээр бичсэн
264 1# - ГАРАЛТЫН МЭДЭЭ
Хэвлэгдсэн газар 北京
Бүтээгч, хэвлэгч, түгээгч, үйлдвэрлэгчийн нэр 中国农业出版社
Хэвлэгдсэн он 2022
300 ## - ТООНЫ МЭДЭЭ
Хуудасны тоо 411 хуудастай
Бусад тоон мэдээлэл анатомийн гэрэл зурагтай
Хэмжээ 27 см
504 ## - НОМЗҮЙН ТУХАЙ МЭДЭЭ
Номзүйн тухай мэдээ Индекстэй (Хуудас 387-410) Ном зүйтэй (Хуудас 411)
505 ## - FORMATTED CONTENTS NOTE
Title 课题组组长 --
-- 课题组副组长 --
-- 课题组成员
520 ## - ХУРААНГУЙ МЭДЭЭ, ТОВЧ АГУУЛГА
Эмхэтгэл, г.м Үхэрийн анатомийн зурагт толь
650 ## - Сэдэв
Сэдэв Үхэрийн анатомийн зурагт толь
650 ## - Сэдэв
Сэдэв хятадын хөдөө аж ахуй
880 1# - ALTERNATE GRAPHIC REPRESENTATION
Linkage 245-01(N
a Niú shítǐ jiěpōu xué túpǔ
880 1# - ALTERNATE GRAPHIC REPRESENTATION
Linkage 264-02(N
a Běijīng
b Zhōngguó nóngyè chūbǎn shè
c 2022
942 ## - ЭЛЕМЕНТИЙН ТӨРӨЛ
Анги Номын сан номзүйн ангилал
Төрөл Ном
Захиалгууд
Буцаан татагдсан төлөв Хасагдсан шалтгаан Гэмтсэн төлөв Захиалах боломжгүй Үндсэн номын сан Одоогийн байршил Бүртгэсэн огноо Бүрдүүлэлтийн эх үүсвэр Үнэ Хамгийн сүүлд байсан огноо Нийт уншлаганд гарсан тоо Ангиллын нэр Төрөл
      Албан хэрэгцээнд Монгол номын фонд Монгол номын фонд 2025-01-21 Солилцоо 10000.00 2025-01-21   Номын сан номзүйн ангилал Ном